00443nam a22001577a 450000500170000001000150001702000260003203500130005803700130007108200140008410000200009824500650011826000330018327000460021630000230026220140812150822.0 aENG-110365 a9789350621714c395.00 aEN-93897 bDBAD/PUB a650.01513 aBhardwaj, R. S. aMathematics and statistics for business /cby R. S. Bhardwaj aNew DelhibExcel Booksc2013 aA-45, Naraina, Phase IbNew Delhie110028 ax,728p.c28cm(pbk)